000 00646nam a2200241Ia 4500
005 20260430150647.0
008 008 250103s9999 xx 000 0 eng d
037 _aTheses
040 _aCRL
040 _beng
040 _ceng
041 _2eng
041 _aeng
084 _qCRL
100 _aShubham Kumar Au.; Pandey Neena Gu.
_91238136
245 0 _aStudy on Restorative Justice to the Survivors of Child Sexual Abuse in Delhi
260 _c2023
300 _a298p.
650 _aSocial Work
700 _aUniversity of Delhi. Faculty of Social Sciences. Deptt. of Social Work
942 _cTH
999 _c1850325
_d1850325